000 00690nam a2200241I 4500
999 _c6679
_d6679
001 3026041
003 OSt
005 20190117184919.0
008 770608s1966 xx 000 0 eng
010 _a66012059
035 _atcgc140053
040 _aDLC
_cOCP
_dm.c.
_dTSM
050 0 _aBV4521
_b.P5
082 _a261
_bP658h
100 1 _aPinson, William M.
245 1 0 _aHow to deal with controversial issues
_c[by] William M. Pinson, Jr.
246 3 _aControversial issues.
260 _aNashville,
_bBroadman Press
_c[1966]
300 _a128 p.
_c20 cm.
504 _aBibliographical references included in "Notes" (p. 122-128)
650 0 _aChristian leadership.
942 _2ddc
_cBK